00704nam a2200181 a 450000100100000000500170001000800410002704000250006808200160009310000340010924500530014326000490019630000210024504900090026695201130027595201190038899900150050700000934120200929161547.0090929s1972 dr 000 0 spa d aDO-SdBNPbspacBNPHU axxxxbS211e1 aSánchez, Laudiseo A.92410610aEnciclopedia literaria /cLaudiseo A. Sánchez. aSanto Domingo :bCultural Dominicana,c1972. a173 p. ;c20 cm. aBNPD 0010718PDaPDbPDcCTd2009-09-29iLF1l0oxxxx S211ep9341-10r2020-06-25w2020-06-25yLFPDZNo se presta 0010718PDaPDbPDcCTd2010-05-04iLF1l0oxxxx S211ep9341-20r2020-06-25te. 2w2020-06-25yLFPDZNo se presta c9101d9101